Most Popular Disc Golf Brands - Statistics

General Stats
  • This quiz has been taken 155 times
  • The average score is 10 of 16
Answer Stats
Brand % Correct
Innova
99%
Discraft
96%
Discmania
89%
Latitude 64
83%
MVP
83%
Westside
82%
Prodigy
77%
Dynamic Discs
74%
Axiom
62%
Clash Discs
58%
Kastaplast
56%
Lone Star Disc
49%
Infinite Discs
42%
Gateway
23%
Thought Space Athletics
11%
Dino Discs
4%
No matching quizzes found
Score Distribution
Percent of People with Each Score
Percentile by Number Answered
Your Score History
You have not taken this quiz